Advocates /

"The book examines the essence of advocacy in court, its morality and its future. It provides a wealth of examples to entertain and inform. The book will be read by students of law, lawyers and all those interested in how our legal system works"--

Na minha lista:
Detalhes bibliográficos
Autor principal: Pannick, David
Formato: Livro
Publicado em: Oxford: Oxford University press c1992.
Assuntos:
Tags: Adicionar Tag
Sem tags, seja o primeiro a adicionar uma tag!

MARC

LEADER 00000cam a22000008i 4500
020 |a 9780195684360  |c TZS 18,266.594 
040 |a MUL  |b eng  |e AACR 
082 |a 340.092 PAN 
100 1 |a Pannick, David. 
245 1 0 |a Advocates /  |c David, Pannick 
260 |a Oxford:  |b Oxford University press  |c c1992. 
300 |a 308 p. ;  |c 22 cm 
504 |a Includes bibliographical references and index p. 301-308 
505 0 |a The essence of advocacy -- The morality of advocacy -- The future of advocacy. 
520 |a "The book examines the essence of advocacy in court, its morality and its future. It provides a wealth of examples to entertain and inform. The book will be read by students of law, lawyers and all those interested in how our legal system works"-- 
546 |a eng. 
650 0 |a Practice of law  |z Great Britain. 
650 0 |a Court of Appeal 
650 0 |a Lawyers 
942 |c BK 
999 |c 682  |d 682